El cuento maravilloso infantil y su sintaxis narrativa
Na minha lista:
| Autor principal: | |
|---|---|
| Formato: | Livro |
| Idioma: | espanhol |
| Publicado em: |
Buenos Aires
Plus Ultra
1987
|
| Colecção: | Comunicación
|
| Assuntos: | |
| Tags: |
Adicionar Tag
Sem tags, seja o primeiro a adicionar uma tag!
|
MARC
| LEADER | 00000nam a2200000 a 4500 | ||
|---|---|---|---|
| 001 | UCW3702 | ||
| 003 | CL-VaPUC | ||
| 008 | 881215e19870000AG |||||||||||||||||spa|d | ||
| 082 | 0 | 4 | |a 808.068 |b ROS |2 21 |
| 100 | 0 | |a Rosetti, Mabel V. M. de |e author |9 308043 | |
| 245 | 1 | 3 | |a El cuento maravilloso infantil y su sintaxis narrativa |
| 300 | |a 125 p | ||
| 942 | |c BK | ||
| 945 | |d 19881215 00:00:00 | ||
| 260 | |a Buenos Aires |b Plus Ultra |c 1987 | ||
| 650 | 0 | |a Cuentos infantiles |9 308044 | |
| 650 | 0 | |a Literatura infantil |9 307465 | |
| 650 | 0 | |a Historia y crítica |9 257407 | |
| 583 | |a last modification |c 19881215 00:00:00 |k Rodrigo Vera | ||
| 490 | 0 | |a Comunicación | |
| 999 | |c 217616 |d 217614 | ||
| 952 | |0 0 |1 0 |4 0 |6 808_068000000000000_ROS_1987 |7 0 |8 A |9 205559 |a BIBEDU |b BIBEDU |d 2019-11-15 |i 2735121 |o 808.068 ROS 1987 |p 2735121 |r 2019-11-15 |w 2019-11-15 |y BK |k EDU | ||
| 952 | |0 0 |1 0 |4 0 |6 808_068000000000000_ROS_1987 |7 0 |8 A |9 205560 |a BIBEDU |b BIBEDU |d 2019-11-15 |i 273513K |o 808.068 ROS 1987 |p 273513K |r 2019-11-15 |w 2019-11-15 |y BK |k EDU | ||